000
00266nam a22001217a 4500
008
181101b xxu||||| |||| 00| 0 eng d
041
_a
eng
080
_a
370
100
_a
47
101
_a
EDU
245
_a
aMANUAL fOR wRITERS
_c
Turabian.K.L
942
_2
udc
_c
BK
999
_c
51555
_d
51555